[Event "KAUPTHING OPEN 2007 B"]
[Site "?"]
[Date "2007.07.10"]
[Round "5.18"]
[White "Adami, Eric"]
[Black "Marchal, Chantal"]
[Result "1/2-1/2"]
[WhiteElo "1653"]
[BlackElo "1884"]
[PlyCount "57"]
[EventDate "2007.07.18"]

1. e4 c5 2. Nf3 d6 3. d4 cxd4 4. Nxd4 Nf6 5. Nc3 a6 6. Bg5 e6 7. Bd3 Be7 8. O-O
Qc7 9. Qd2 Nc6 10. Nxc6 bxc6 11. Kh1 Bb7 12. Rae1 O-O 13. f4 Rfe8 14. Qe3 c5
15. Bxf6 Bxf6 16. e5 Be7 17. f5 c4 18. Be4 d5 19. fxe6 fxe6 20. Bxh7+ Kxh7 21.
Qh3+ Bh4 22. Qxh4+ Kg8 23. Qh5 Rf8 24. Ne2 Qb6 25. Qg4 Rae8 26. b3 Rf2 27. Rxf2
Qxf2 28. Qg3 Qxg3 29. hxg3 1/2-1/2

[Event "KAUPTHING OPEN 2007 B"]
[Site "?"]
[Date "2007.07.10"]
[Round "5.19"]
[White "Pinheiro, Philippe"]
[Black "Schneider, Rafael"]
[Result "0-1"]
[WhiteElo "1540"]
[BlackElo "1807"]
[PlyCount "56"]
[EventDate "2007.07.18"]

1. d4 Nf6 2. c4 g6 3. Nc3 Bg7 4. e4 d6 5. Nf3 O-O 6. Be2 e5 7. O-O Nbd7 8. Bg5
h6 9. Bc1 Kh7 10. b3 Nb6 11. Ba3 exd4 12. Nxd4 Nh5 13. g3 c5 14. Bxh5 cxd4 15.
c5 dxc3 16. Qc2 dxc5 17. Rad1 Qc7 18. Bf3 Bh3 19. Rfe1 Rad8 20. Bc1 Rxd1 21.
Rxd1 Rd8 22. g4 Rxd1+ 23. Bxd1 Qd7 24. f3 Qd4+ 25. Kh1 Bf1 26. h4 Qd3 27. Qxd3
Bxd3 28. f4 Bxe4+ 0-1

[Event "KAUPTHING OPEN 2007 B"]
[Site "?"]
[Date "2007.07.10"]
[Round "5.20"]
[White "Schuster, Tom"]
[Black "Pietras, Ryszard"]
[Result "1/2-1/2"]
[WhiteElo "1528"]
[BlackElo "1800"]
[PlyCount "65"]
[EventDate "2007.07.18"]

1. e4 d5 2. exd5 Qxd5 3. Nc3 Qa5 4. d4 c6 5. Nf3 Nf6 6. Bd2 Bf5 7. Ne4 Qc7 8.
Nxf6+ exf6 9. Bc4 Bd6 10. Qe2+ Qe7 11. Qxe7+ Bxe7 12. O-O-O O-O 13. Rde1 Bd6
14. Nh4 Bd7 15. Bd3 b5 16. Nf5 Bxf5 17. Bxf5 Na6 18. Bd7 Nb4 19. Bxb4 Bxb4 20.
c3 Bd6 21. Bxc6 Rab8 22. b4 Rfc8 23. d5 g5 24. Re2 Be5 25. Kb2 Kg7 26. h3 h5
27. g3 Rc7 28. Rg1 Kh6 29. g4 h4 30. Rge1 a6 31. a3 Kg6 32. Kc2 Ra7 33. Kb3
1/2-1/2

[Event "KAUPTHING OPEN 2007 B"]
[Site "?"]
[Date "2007.07.10"]
[Round "5.21"]
[White "Kasparova, Eva"]
[Black "Steil, Raymond"]
[Result "1/2-1/2"]
[WhiteElo "1400"]
[BlackElo "1731"]
[PlyCount "25"]
[EventDate "2007.07.18"]

1. d3 d5 2. Nf3 Bf5 3. Nbd2 Nf6 4. g3 c6 5. Bg2 e6 6. O-O Be7 7. b3 O-O 8. Bb2
Nbd7 9. e3 h6 10. Qe2 Re8 11. e4 dxe4 12. dxe4 Bh7 13. Rfe1 1/2-1/2

[Event "KAUPTHING OPEN 2007 B"]
[Site "?"]
[Date "2007.07.10"]
[Round "5.22"]
[White "Jouanny, Sebastien"]
[Black "Caquard, Frederic"]
[Result "1/2-1/2"]
[WhiteElo "1681"]
[BlackElo "1881"]
[PlyCount "86"]
[EventDate "2007.07.18"]

1. d4 d5 2. c4 c6 3. Nc3 Nf6 4. cxd5 cxd5 5. Bf4 a6 6. e3 e6 7. Bd3 Bd6 8. Bxd6
Qxd6 9. f4 Nc6 10. a3 b5 11. b4 Bb7 12. Nf3 Rc8 13. Rc1 O-O 14. O-O Ne7 15. Ne5
Ne4 16. Bxe4 dxe4 17. Ng4 Nf5 18. Qd2 Qe7 19. Nf2 Nd6 20. Qa2 Nc4 21. Rfe1 f5
22. Nfd1 Rc7 23. Nb2 Rfc8 24. Nxc4 Rxc4 25. Ne2 Bd5 26. Rxc4 Rxc4 27. Qb2 Qc7
28. Rc1 Kf7 29. Kf2 Qe7 30. Nc3 Qc7 31. Ne2 Ke7 32. Rc3 h6 33. Rc1 g5 34. g3
Kd6 35. Rc3 Qf7 36. Rxc4 Bxc4 37. Nc3 Qh5 38. Kg1 gxf4 39. gxf4 Qh4 40. Qf2 Qh3
41. Kh1 h5 42. Kg1 Qg4+ 43. Qg3 Bd5 1/2-1/2

[Event "KAUPTHING OPEN 2007 B"]
[Site "?"]
[Date "2007.07.10"]
[Round "5.23"]
[White "Papini, Emmanuel"]
[Black "Korman, Ewgenija"]
[Result "1-0"]
[WhiteElo "1866"]
[BlackElo "1661"]
[PlyCount "73"]
[EventDate "2007.07.18"]

1. e4 c6 2. d4 d5 3. e5 Bf5 4. Bd3 Bxd3 5. Qxd3 e6 6. Nf3 Ne7 7. O-O Nf5 8. Nc3
Be7 9. Nd1 Nd7 10. Ne3 Nh4 11. Nxh4 Bxh4 12. f4 Be7 13. c3 Qc7 14. b4 a6 15. a4
b5 16. a5 O-O-O 17. f5 Rdg8 18. Bd2 Qd8 19. fxe6 fxe6 20. Rf7 Nf8 21. Raf1 Kb8
22. Nd1 Qe8 23. Qg3 g5 24. Qd3 Ng6 25. R7f2 Rg7 26. Qh3 Nf8 27. Ne3 Qg6 28. Ng4
h6 29. Nf6 Kc8 30. c4 bxc4 31. b5 cxb5 32. Nxd5 Kd8 33. Nxe7 Kxe7 34. Qa3+ Ke8
35. Rxf8+ Rxf8 36. Rxf8+ Kd7 37. Qd6# 1-0

[Event "KAUPTHING OPEN 2007 B"]
[Site "?"]
[Date "2007.07.10"]
[Round "5.24"]
[White "Geschwindt, Gilbert"]
[Black "Fadil, Hicham"]
[Result "1-0"]
[WhiteElo "1649"]
[BlackElo "1769"]
[PlyCount "73"]
[EventDate "2007.07.18"]

1. e4 c5 2. Nf3 Nc6 3. d4 cxd4 4. Nxd4 Nf6 5. Nc3 e6 6. g3 Bb4 7. Bg2 O-O 8.
O-O Bxc3 9. bxc3 a6 10. Ba3 Re8 11. Bd6 e5 12. Nb3 Re6 13. Nc5 Re8 14. Nb3 Re6
15. Nc5 Re8 16. Nb3 b6 17. Re1 Bb7 18. Rb1 Na7 19. Nc5 Bc6 20. Nd3 Nb5 21. Bxe5
Nxe4 22. Bxe4 Bxe4 23. Qg4 Bg6 24. a4 Na7 25. Nf4 d6 26. Nxg6 hxg6 27. Bd4 Nc6
28. Rxe8+ Qxe8 29. Bxb6 Rb8 30. Qc4 Na5 31. Qb4 Nc6 32. Qxd6 Rxb6 33. Rxb6 Qe1+
34. Kg2 Qe4+ 35. Kh3 Ne5 36. Qd8+ Kh7 37. Qh4+ 1-0

[Event "KAUPTHING OPEN 2007 B"]
[Site "?"]
[Date "2007.07.10"]
[Round "5.25"]
[White "Mahan, James Robert"]
[Black "Marchal, Roger"]
[Result "0-1"]
[WhiteElo "1514"]
[BlackElo "1682"]
[PlyCount "74"]
[EventDate "2007.07.18"]

1. d4 Nf6 2. Nf3 e6 3. e3 d5 4. Bd3 c5 5. c3 Nc6 6. O-O Qc7 7. Nbd2 Bd6 8. dxc5
Bxc5 9. e4 O-O 10. Re1 Ng4 11. Re2 Bd6 12. Nf1 Nce5 13. Nxe5 Bxe5 14. g3 dxe4
15. Rxe4 Nf6 16. Re2 b6 17. Qe1 Bd6 18. Nd2 Bb7 19. Ne4 Nxe4 20. Bxe4 Rfd8 21.
Bxb7 Qxb7 22. Re4 Be7 23. h4 Rd5 24. c4 Rd1 25. Qxd1 Qxe4 26. Qf1 Bf6 27. Qg2
Qxg2+ 28. Kxg2 Rc8 29. Rb1 Rxc4 30. b3 Rc2 31. a4 Bd4 32. Ba3 Bxf2 33. Kf3 Bc5
34. Rd1 Bxa3 35. Rd8+ Bf8 36. Ra8 a5 37. Rb8 Rc3+ 0-1

[Event "KAUPTHING OPEN 2007 B"]
[Site "?"]
[Date "2007.07.10"]
[Round "5.26"]
[White "Kessler, Lucien"]
[Black "Poscic, Mark"]
[Result "0-1"]
[WhiteElo "1553"]
[BlackElo "1592"]
[PlyCount "38"]
[EventDate "2007.07.18"]

1. e4 d5 2. exd5 Qxd5 3. d4 e5 4. Nf3 Nc6 5. Nc3 Bb4 6. Bd2 Bxc3 7. bxc3 e4 8.
c4 Qh5 9. Ng5 Bg4 10. f3 exf3 11. gxf3 Qh4+ 12. Ke2 Nxd4+ 13. Kd3 Bf5+ 14. Kc3
Ne6 15. Nxe6 Bxe6 16. Be1 Qf6+ 17. Kb3 Rd8 18. Bc3 Bxc4+ 19. Bxc4 Qb6+ 0-1

[Event "KAUPTHING OPEN 2007 B"]
[Site "?"]
[Date "2007.07.10"]
[Round "5.27"]
[White "Hoefer, Michael"]
[Black "Thiebaux, Jean-Claude"]
[Result "0-1"]
[WhiteElo "1423"]
[BlackElo "1836"]
[PlyCount "62"]
[EventDate "2007.07.18"]

1. e4 c5 2. Nf3 Nc6 3. d4 cxd4 4. Nxd4 Nf6 5. Nc3 e5 6. Ndb5 d6 7. Bg5 a6 8.
Na3 b5 9. Nd5 Be7 10. Bxf6 Bxf6 11. c4 b4 12. Nc2 Rb8 13. b3 Bg5 14. g3 O-O 15.
h4 Bh6 16. g4 g6 17. g5 Bg7 18. Be2 a5 19. Qd3 Be6 20. Kd2 Bxd5 21. cxd5 Nd4
22. Nxd4 exd4 23. Rag1 Rc8 24. Qh3 Rc3 25. Bd3 Qc8 26. Qh2 Rxd3+ 27. Kxd3 Qc3+
28. Ke2 Qc2+ 29. Kf1 Qb1+ 30. Kg2 Qxe4+ 31. Kf1 Rc8 0-1

[Event "KAUPTHING OPEN 2007 B"]
[Site "?"]
[Date "2007.07.10"]
[Round "5.28"]
[White "Scholtes, Théo"]
[Black "Clement, Marc"]
[Result "1-0"]
[WhiteElo "1765"]
[BlackElo "1432"]
[PlyCount "61"]
[EventDate "2007.07.18"]

1. d4 d5 2. c4 e5 3. dxe5 d4 4. a3 Nc6 5. e4 Nxe5 6. Bf4 Nc6 7. Bd3 Bd6 8. Bg3
Bxg3 9. hxg3 Nf6 10. Nf3 Bg4 11. Qb3 Bxf3 12. gxf3 Ne5 13. Nd2 c5 14. f4 Nxd3+
15. Qxd3 Qe7 16. e5 g6 17. O-O-O Ng4 18. Qf3 h5 19. Qxg4 hxg4 20. Rxh8+ Kd7 21.
Rxa8 a6 22. Rh1 f5 23. Rhh8 Kc6 24. Rad8 Kc7 25. Rde8 Qg7 26. e6 Kd6 27. Rhg8
Qf6 28. Rd8+ Kc7 29. Rd7+ Kc6 30. Rc8+ Kb6 31. e7 1-0

[Event "KAUPTHING OPEN 2007 B"]
[Site "?"]
[Date "2007.07.10"]
[Round "5.29"]
[White "Cressa, Luca"]
[Black "Ferri, Doriano"]
[Result "0-1"]
[WhiteElo "1250"]
[BlackElo "1646"]
[PlyCount "80"]
[EventDate "2007.07.18"]

1. e4 c6 2. d4 d5 3. e5 Bf5 4. Nf3 e6 5. Nc3 Nd7 6. Bf4 Bb4 7. a3 Ba5 8. Bd3
Bxd3 9. cxd3 Ne7 10. b4 Bb6 11. b5 Ba5 12. Rc1 cxb5 13. O-O a6 14. a4 Rc8 15.
Bd2 b4 16. Na2 Rxc1 17. Qxc1 Qb6 18. Qb2 Nc6 19. Ne1 O-O 20. Nc2 b3 21. Bxa5
Nxa5 22. Nc3 bxc2 23. Qxb6 Nxb6 24. Ne2 Rc8 25. Rc1 Nb3 26. a5 Nxc1 27. Nxc1
Na4 28. f4 Rc3 29. g4 Ra3 30. Kf2 Ra1 31. Ke2 Rxc1 32. Kd2 Rg1 33. Kxc2 b6 34.
Kb3 b5 35. h3 Rg3 36. Kb4 Rxd3 37. f5 Rxd4+ 38. Kb3 Rc4 39. h4 d4 40. fxe6 fxe6
0-1

[Event "KAUPTHING OPEN 2007 B"]
[Site "?"]
[Date "2007.07.10"]
[Round "5.30"]
[White "Wolff, Chris"]
[Black "Steffen, Robert"]
[Result "0-1"]
[WhiteElo "1200"]
[BlackElo "1552"]
[PlyCount "61"]
[EventDate "2007.07.18"]

1. e4 e6 2. Nf3 d5 3. Nc3 c5 4. d4 Nc6 5. Bb5 Bd7 6. exd5 exd5 7. Nxd5 Nf6 8.
Bg5 Qa5+ 9. Nc3 Be7 10. dxc5 Ne4 11. Bxe7 Nxc3 12. bxc3 Qxc3+ 13. Nd2 Qe5+ 14.
Qe2 Qxa1+ 15. Qd1 Qxd1+ 16. Kxd1 Nxe7 17. Bxd7+ Kxd7 18. Ne4 Rad8 19. Nd6 Rhf8
20. Nxb7 Kc6+ 21. Nxd8+ Rxd8+ 22. Kc1 Kxc5 23. Re1 Rd7 24. Re5+ Kd6 25. f4 Ng6
26. Re4 Nh4 27. Rd4+ Ke7 28. Rd2 Rxd2 29. Kxd2 Nxg2 30. c3 Nxf4 31. Ke3 0-1

[Event "KAUPTHING OPEN 2007 B"]
[Site "?"]
[Date "2007.07.10"]
[Round "5.31"]
[White "Yanovska, Violeta"]
[Black "Meisch, Jean-Paul"]
[Result "0-1"]
[WhiteElo "1200"]
[BlackElo "1456"]
[PlyCount "24"]
[EventDate "2007.07.18"]

1. e4 e5 2. Nf3 Nc6 3. Bc4 Nd4 4. Ng5 Qxg5 5. Nc3 Qxg2 6. Rf1 Nf3+ 7. Ke2 d6 8.
Bb5+ c6 9. Bd3 Bg4 10. h3 Nd4+ 11. Ke3 Bxd1 12. Nxd1 Qf3# 0-1

[Event "KAUPTHING OPEN 2007 B"]
[Site "?"]
[Date "2007.07.10"]
[Round "5.32"]
[White "Jagiello, Robert"]
[Black "Boyarchenko, Alexander Sr"]
[Result "0-1"]
[WhiteElo "1292"]
[BlackElo "1544"]
[PlyCount "56"]
[EventDate "2007.07.18"]

1. e4 c6 2. d4 d5 3. exd5 cxd5 4. Bd3 h6 5. Bf4 Nf6 6. Nf3 Nc6 7. c3 Bg4 8.
Nbd2 g5 9. Bg3 Nh5 10. O-O Nxg3 11. fxg3 Qc7 12. Qb3 Qd7 13. Bb5 Qd6 14. Ne5
Be6 15. Qd1 Bg7 16. Nxc6 bxc6 17. Bd3 Rc8 18. Nb3 Rb8 19. Qh5 Qd7 20. Rf2 O-O
21. h4 Bg4 22. Nc5 Qc8 23. Bf5 Bxf5 24. Rxf5 Qxf5 25. Qf3 Qxf3 26. gxf3 Rxb2
27. Nd3 Rc2 28. hxg5 hxg5 0-1

[Event "KAUPTHING OPEN 2007 B"]
[Site "?"]
[Date "2007.07.10"]
[Round "5.33"]
[White "Dording, Fränz"]
[Black "Blond, Hanten Elsa"]
[Result "1-0"]
[WhiteElo "1251"]
[BlackElo "1200"]
[PlyCount "51"]
[EventDate "2007.07.18"]

1. e4 e5 2. Bc4 g6 3. d3 Bb4+ 4. Bd2 Bd6 5. Qf3 Be7 6. Nc3 Nc6 7. O-O-O Nf6 8.
Bg5 Nd4 9. Qe3 Nf5 10. exf5 O-O 11. Qxe5 d6 12. Qe1 Bxf5 13. Nf3 c6 14. Nh4 Be6
15. Bxe6 fxe6 16. Qxe6+ Kg7 17. Rde1 Ng8 18. Bxe7 Re8 19. Bxd8 Rexd8 20. Ne4
Rdc8 21. Qxd6 Rd8 22. Qc7+ Kf8 23. Qxb7 Re8 24. Ng5 h6 25. Qh7 Nf6 26. Qf7# 1-0

[Event "KAUPTHING OPEN 2007 B"]
[Site "?"]
[Date "2007.07.10"]
[Round "5.34"]
[White "Schaul, Georges"]
[Black "Berchem, Lux Stephane"]
[Result "0-1"]
[WhiteElo "1200"]
[BlackElo "1200"]
[PlyCount "40"]
[EventDate "2007.07.18"]

1. e4 e5 2. Nc3 Nf6 3. Nf3 d5 4. exd5 Nxd5 5. Nb1 Nc6 6. Be2 Bc5 7. O-O Bf5 8.
a3 Nd4 9. b4 Nxe2+ 10. Kh1 Nxc1 11. Qxc1 Bd4 12. c3 Bxb1 13. Rxb1 Bb6 14. c4
Nf4 15. g3 Nh3 16. c5 e4 17. Ne1 Qd5 18. cxb6 axb6 19. f3 exf3 20. Nc2 f2# 0-1

[Event "KAUPTHING OPEN 2007 B"]
[Site "?"]
[Date "2007.07.11"]
[Round "6.1"]
[White "Vignale, Stéphane"]
[Black "Morozova, Julia"]
[Result "1/2-1/2"]
[WhiteElo "2086"]
[BlackElo "2073"]
[PlyCount "100"]
[EventDate "2007.07.18"]

1. d4 d5 2. c4 e6 3. Nc3 c5 4. cxd5 exd5 5. Nf3 Nc6 6. e3 Nf6 7. Be2 cxd4 8.
Nxd4 Bd6 9. Bf3 O-O 10. O-O Re8 11. Ndb5 Bb8 12. Nxd5 Be6 13. Nbc3 Ne5 14.
Nxf6+ Qxf6 15. Ne4 Nxf3+ 16. Qxf3 Qxf3 17. gxf3 Bf5 18. Rd1 Bc7 19. Ng3 Bxg3
20. fxg3 Red8 21. Re1 Rac8 22. e4 Be6 23. Be3 Rc2 24. Red1 Rdc8 25. Bd4 h5 26.
Bc3 b5 27. a3 a5 28. Rac1 Rxc1 29. Rxc1 b4 30. axb4 axb4 31. Bd2 Rxc1+ 32. Bxc1
Kf8 33. Kf2 Ke7 34. Ke3 g6 35. Kd4 b3 36. Kc5 Kf6 37. Bd2 g5 38. f4 gxf4 39.
gxf4 Bg4 40. Kd6 Kg7 41. Ke7 Bf3 42. Bc3+ Kg8 43. e5 Bg4 44. Kf6 Kf8 45. Bb4+
Ke8 46. f5 Bh3 47. e6 fxe6 48. Kxe6 Bf1 49. Kf6 h4 50. Kg7 h3 1/2-1/2

[Event "KAUPTHING OPEN 2007 B"]
[Site "?"]
[Date "2007.07.11"]
[Round "6.2"]
[White "Schartz, Alain"]
[Black "Henrichs, Wenke"]
[Result "1-0"]
[WhiteElo "2199"]
[BlackElo "2079"]
[PlyCount "57"]
[EventDate "2007.07.18"]

1. e4 c5 2. Nc3 Nc6 3. Bb5 g6 4. f4 Bg7 5. Nf3 Nd4 6. Bc4 Nxf3+ 7. Qxf3 d6 8.
d3 Nf6 9. h3 Bd7 10. Bd2 Bc6 11. g4 e6 12. g5 Nh5 13. O-O-O Rb8 14. Ne2 b5 15.
Bb3 a5 16. c3 a4 17. Bc2 a3 18. b3 Qb6 19. Ng3 Nxg3 20. Qxg3 d5 21. f5 dxe4 22.
fxe6 fxe6 23. Qg4 Bd7 24. dxe4 c4 25. b4 O-O 26. h4 Rf2 27. Qg3 Rf7 28. h5 Qf2
29. Qxb8+ 1-0

[Event "KAUPTHING OPEN 2007 B"]
[Site "?"]
[Date "2007.07.11"]
[Round "6.3"]
[White "Bakalarz, Leszek"]
[Black "Berens, Thomas"]
[Result "1-0"]
[WhiteElo "2105"]
[BlackElo "2032"]
[PlyCount "45"]
[EventDate "2007.07.18"]

1. e4 c5 2. Nf3 d6 3. d4 cxd4 4. Nxd4 Nf6 5. Nc3 a6 6. Bg5 e6 7. f4 Be7 8. Qf3
Qc7 9. O-O-O Nbd7 10. g4 b5 11. Bxf6 Nxf6 12. g5 Nd7 13. f5 Bxg5+ 14. Kb1 Ne5
15. Qg3 Qd8 16. fxe6 O-O 17. Nf5 fxe6 18. Rxd6 Qe8 19. Qxe5 Bf6 20. Qc5 exf5
21. Qd5+ Qf7 22. Qxa8 Bxc3 23. bxc3 1-0

[Event "KAUPTHING OPEN 2007 B"]
[Site "?"]
[Date "2007.07.11"]
[Round "6.4"]
[White "Kruis, Ruud"]
[Black "Nguyen-Huu, Hoang"]
[Result "0-1"]
[WhiteElo "1988"]
[BlackElo "2103"]
[PlyCount "90"]
[EventDate "2007.07.18"]

1. c4 c6 2. Nc3 Qc7 3. d4 d6 4. e4 e5 5. d5 Nf6 6. Nge2 Be7 7. Ng3 O-O 8. Be2
Re8 9. Be3 Nbd7 10. Rc1 c5 11. O-O a6 12. f4 exf4 13. Bxf4 Bf8 14. h3 Ne5 15.
Rf2 Ng6 16. Bg5 Nd7 17. Qf1 Nde5 18. b3 Be7 19. Bxe7 Qxe7 20. Nf5 Qd8 21. Bh5
Rb8 22. Re1 Qc7 23. Re3 Bd7 24. Rg3 b5 25. cxb5 axb5 26. Be2 c4 27. bxc4 bxc4
28. Ne3 Rec8 29. Bh5 Qc5 30. Be2 Qd4 31. Nc2 Qa7 32. Kh2 Rb2 33. Ne3 Qd4 34.
Ned1 Rc2 35. Bh5 Rc1 36. Qe2 Nd3 37. Qd2 Rxc3 38. Rxf7 Kxf7 39. Nxc3 Qe5 40.
Bxg6+ hxg6 41. Qc1 Kg8 42. Qa3 Rf8 43. Qa7 Be8 44. Nd1 Nf4 45. Qc7 Ne2 0-1

[Event "KAUPTHING OPEN 2007 B"]
[Site "?"]
[Date "2007.07.11"]
[Round "6.5"]
[White "Nikolaeva, Maria"]
[Black "Weller, Werner"]
[Result "1/2-1/2"]
[WhiteElo "2091"]
[BlackElo "1967"]
[PlyCount "44"]
[EventDate "2007.07.18"]

1. Nf3 Nf6 2. g3 g6 3. Bg2 Bg7 4. c4 O-O 5. O-O a6 6. Nc3 Nc6 7. d4 Rb8 8. e4
d6 9. h3 Na5 10. Qe2 Nd7 11. Rb1 b5 12. cxb5 axb5 13. b4 Nc6 14. Rd1 Na7 15.
Qc2 Nb6 16. d5 Bd7 17. Be3 Nac8 18. Bd4 e5 19. dxe6 fxe6 20. Bxg7 Kxg7 21. e5
Nc4 22. exd6 cxd6 1/2-1/2

[Event "KAUPTHING OPEN 2007 B"]
[Site "?"]
[Date "2007.07.11"]
[Round "6.6"]
[White "Parreira, Luis Miguel"]
[Black "Lobzhanidze, Anna"]
[Result "0-1"]
[WhiteElo "1969"]
[BlackElo "2086"]
[PlyCount "86"]
[EventDate "2007.07.18"]

1. e4 d6 2. d4 g6 3. Nc3 Bg7 4. Nf3 Nf6 5. Bf4 c6 6. Bd3 b5 7. a3 a6 8. Qd2
Nbd7 9. e5 dxe5 10. Nxe5 Nxe5 11. Bxe5 O-O 12. O-O Be6 13. Rad1 Rc8 14. Ne4
Nxe4 15. Bxe4 Bd5 16. Rfe1 Bxe5 17. dxe5 Bxe4 18. Rxe4 c5 19. Qd7 Qxd7 20. Rxd7
Rfd8 21. Rxd8+ Rxd8 22. Re1 Rd2 23. Rc1 Re2 24. f4 g5 25. fxg5 Rxe5 26. h4 Re4
27. g3 Re2 28. b3 c4 29. Kf1 Rd2 30. bxc4 bxc4 31. Re1 Rxc2 32. Rxe7 Rc3 33.
Rc7 Rxg3 34. Rxc4 Rxa3 35. Kg2 a5 36. Rc6 a4 37. h5 Kg7 38. h6+ Kf8 39. Rc8+
Ke7 40. Rh8 Rc3 41. Rxh7 Rc6 42. Rg7 Kf8 43. Rh7 Rg6 0-1

[Event "KAUPTHING OPEN 2007 B"]
[Site "?"]
[Date "2007.07.11"]
[Round "6.7"]
[White "Dubois, Martine"]
[Black "Schweitzer, Marc"]
[Result "0-1"]
[WhiteElo "2073"]
[BlackElo "1912"]
[PlyCount "146"]
[EventDate "2007.07.18"]

1. e4 Nc6 2. Nf3 d6 3. d4 Nf6 4. Nc3 Bg4 5. d5 Ne5 6. Nxe5 dxe5 7. f3 Bd7 8.
Bc4 c6 9. dxc6 Bxc6 10. Qxd8+ Rxd8 11. Be3 a6 12. O-O e6 13. Rfd1 Rxd1+ 14.
Rxd1 Be7 15. Ne2 O-O 16. Nc1 Rd8 17. Nd3 Ne8 18. Bb6 Rd7 19. Bb3 Bd8 20. Bxd8
Rxd8 21. c3 f6 22. Bxe6+ Kf8 23. Bb3 Nc7 24. Kf2 Ke7 25. Ke3 a5 26. a4 b6 27.
g4 Be8 28. h4 Na6 29. g5 Nc5 30. Nxc5 Rxd1 31. Bxd1 bxc5 32. f4 fxg5 33. hxg5
exf4+ 34. Kxf4 h6 35. gxh6 gxh6 36. Ke5 Bf7 37. Be2 h5 38. Kf5 h4 39. Kg4 Kf6
40. Kf4 h3 41. e5+ Ke7 42. Bf3 Be8 43. b3 Bf7 44. c4 Bg6 45. Kg3 Bc2 46. Bc6
Ke6 47. Kxh3 Kxe5 48. Kg3 Bxb3 49. Kf2 Kd4 50. Bb5 Bxc4 51. Bd7 Bb3 52. Ke2 Kc3
53. Ke3 Bc2 54. Bb5 Kb4 55. Kd2 Bxa4 56. Bd3 Bb3 57. Kc1 Kc3 58. Bg6 Ba2 59.
Be8 Kb3 60. Bg6 a4 61. Bf5 Kc3 62. Bg6 a3 63. Be8 Kb4 64. Bg6 Bd5 65. Kb1 c4
66. Ka1 c3 67. Bc2 Bb3 68. Bg6 Kc5 69. Bh7 Kd4 70. Bb1 Ke3 71. Bg6 Kd2 72. Bf5
Bc4 73. Bd7 c2 0-1

[Event "KAUPTHING OPEN 2007 B"]
[Site "?"]
[Date "2007.07.11"]
[Round "6.8"]
[White "Roitzsch, Philippe"]
[Black "Baillard, Marc"]
[Result "1-0"]
[WhiteElo "1874"]
[BlackElo "2001"]
[PlyCount "59"]
[EventDate "2007.07.18"]

1. e4 c5 2. c3 d6 3. d4 cxd4 4. cxd4 Nf6 5. Nc3 e6 6. Bc4 a6 7. a4 Qc7 8. Qe2
Nbd7 9. Nf3 h6 10. O-O Be7 11. Bf4 e5 12. Bg3 O-O 13. Rac1 Qb8 14. Nd5 Re8 15.
Nc7 Ra7 16. Nxe8 Nxe8 17. Bd5 b5 18. Bc6 bxa4 19. dxe5 dxe5 20. Bxa4 Bd6 21.
Rc3 Nef6 22. Rd1 Nc5 23. Rxc5 Bxc5 24. Rd8+ Kh7 25. Bxe5 Qb7 26. Qc2 Nxe4 27.
Bd4 Bxd4 28. Nxd4 Qc7 29. Rxc8 Qxc2 30. Bxc2 1-0

[Event "KAUPTHING OPEN 2007 B"]
[Site "?"]
[Date "2007.07.11"]
[Round "6.9"]
[White "Berteau, Franck"]
[Black "Ortartchiev, Gadji"]
[Result "0-1"]
[WhiteElo "1859"]
[BlackElo "1992"]
[PlyCount "82"]
[EventDate "2007.07.18"]

1. e4 c5 2. Nf3 d6 3. Nc3 Nc6 4. d4 cxd4 5. Nxd4 Nf6 6. Be3 g6 7. f3 Bg7 8. Bb5
Bd7 9. Nd5 O-O 10. O-O a6 11. Nxc6 bxc6 12. Nxf6+ Bxf6 13. Bc4 Bxb2 14. Bh6
Qb6+ 15. Kh1 Bg7 16. Bxg7 Kxg7 17. e5 Qc5 18. exd6 exd6 19. Bb3 a5 20. a3 Bf5
21. Qd2 Rfe8 22. Rfe1 Rad8 23. h3 h6 24. Rad1 d5 25. a4 Rb8 26. Qf4 Qc3 27.
Rxe8 Rxe8 28. Qd2 Re3 29. g4 Bc8 30. Qxc3+ Rxc3 31. Kg2 Ba6 32. Kf2 Bc4 33. Rb1
Kf6 34. h4 Ke5 35. Re1+ Kf4 36. Bxc4 Rxc4 37. Re7 Rxc2+ 38. Ke1 Kxf3 39. g5
hxg5 40. hxg5 Kg4 41. Rxf7 Kxg5 0-1

[Event "KAUPTHING OPEN 2007 B"]
[Site "?"]
[Date "2007.07.11"]
[Round "6.10"]
[White "Schneider, Rafael"]
[Black "Carrillo, Jesus"]
[Result "0-1"]
[WhiteElo "1807"]
[BlackElo "2174"]
[PlyCount "60"]
[EventDate "2007.07.18"]

1. e4 c5 2. Nf3 d6 3. d4 cxd4 4. Nxd4 Nf6 5. Nc3 a6 6. Bg5 e6 7. f4 Be7 8. Qf3
Qc7 9. g4 h6 10. Bh4 Nbd7 11. O-O-O g5 12. fxg5 Ne5 13. Qe2 Nfxg4 14. h3 hxg5
15. hxg4 gxh4 16. Bg2 b5 17. Nf3 Nc4 18. Kb1 b4 19. Rd4 Na3+ 20. bxa3 bxc3 21.
Qc4 Rb8+ 22. Ka1 Qa5 23. g5 Bd7 24. Rd3 Rc8 25. Qd4 e5 26. Qb4 Qc7 27. Rxh4
Rxh4 28. Nxh4 a5 29. Qb1 Rb8 30. Qc1 Qc4 0-1

[Event "KAUPTHING OPEN 2007 B"]
[Site "?"]
[Date "2007.07.11"]
[Round "6.11"]
[White "Bakalarz, Grazyna"]
[Black "Oliva, Jan"]
[Result "1-0"]
[WhiteElo "2060"]
[BlackElo "1840"]
[PlyCount "87"]
[EventDate "2007.07.18"]

1. d4 d5 2. Nf3 Nf6 3. Bf4 e6 4. e3 Bd6 5. c3 O-O 6. Nbd2 c5 7. Bg5 Nbd7 8. Bd3
Be7 9. O-O b6 10. Ne5 Nxe5 11. dxe5 Nd7 12. Bxe7 Qxe7 13. Nf3 Bb7 14. Qe2 f5
15. exf6 Qxf6 16. e4 Rae8 17. Rad1 Qf4 18. Rfe1 Nf6 19. g3 Qg4 20. e5 Nd7 21.
Nh4 Qxe2 22. Rxe2 d4 23. f4 Rd8 24. Bc4 Rfe8 25. cxd4 Bd5 26. Bxd5 exd5 27.
dxc5 Nxc5 28. Nf5 g6 29. Nd4 Na4 30. Nc6 Rd7 31. Nb4 d4 32. Red2 g5 33. b3 Nc3
34. Re1 gxf4 35. gxf4 Kf7 36. Kf2 Ke6 37. Kf3 Rg8 38. Nc6 d3 39. Re3 Nxa2 40.
Rexd3 Rxd3+ 41. Rxd3 Rc8 42. Rd6+ Kf7 43. f5 Nc3 44. Nxa7 1-0

[Event "KAUPTHING OPEN 2007 B"]
[Site "?"]
[Date "2007.07.11"]
[Round "6.12"]
[White "Hoefer, Ulrich"]
[Black "Buchholtz, Léon"]
[Result "1-0"]
[WhiteElo "1940"]
[BlackElo "1905"]
[PlyCount "91"]
[EventDate "2007.07.18"]

1. Nf3 Nf6 2. d4 g6 3. Bf4 Bg7 4. e3 O-O 5. h3 c5 6. c3 cxd4 7. exd4 Qb6 8. Qc1
d6 9. Be2 Be6 10. Na3 Rc8 11. Nc2 Nbd7 12. Ne3 Nh5 13. Bh2 Bh6 14. O-O Nf4 15.
Bxf4 Bxf4 16. Re1 Nf6 17. Nd2 Qa5 18. Bf1 b5 19. a3 Qb6 20. g3 Bh6 21. Bg2 Rab8
22. Kh2 a5 23. f4 b4 24. axb4 axb4 25. d5 bxc3 26. bxc3 Bd7 27. Nec4 Qd8 28.
Ra7 Bb5 29. Na3 Bd7 30. Nac4 Rc5 31. Ne3 Qb6 32. Ra3 Qb2 33. Qxb2 Rxb2 34. Nec4
Rc2 35. Rxe7 Bb5 36. Ra8+ Bf8 37. Nxd6 R5xc3 38. Rxf7 Ne8 39. Rxf8+ Kxf8 40.
Nxb5 Rc5 41. Nd6 Rxd2 42. Rxe8+ Kg7 43. Ne4 Rxg2+ 44. Kxg2 Rxd5 45. Re7+ Kh6
46. Rxh7+ 1-0

[Event "KAUPTHING OPEN 2007 B"]
[Site "?"]
[Date "2007.07.11"]
[Round "6.13"]
[White "Wagener, Christophe"]
[Black "Bariani, Sébastien"]
[Result "1/2-1/2"]
[WhiteElo "1930"]
[BlackElo "1700"]
[PlyCount "61"]
[EventDate "2007.07.18"]

1. e4 d6 2. d4 Nf6 3. Nc3 Nbd7 4. Nf3 e5 5. d5 Be7 6. Be3 O-O 7. h3 a6 8. g4 b5
9. g5 Ne8 10. h4 Nc5 11. Bxc5 dxc5 12. Nxe5 Qd6 13. Nc6 f6 14. Qd2 Bd7 15.
Nxe7+ Qxe7 16. Qe3 f5 17. f3 Qe5 18. f4 Qd4 19. Qxd4 cxd4 20. Ne2 fxe4 21.
O-O-O Nd6 22. Rxd4 Bg4 23. b3 Bxe2 24. Bxe2 Rxf4 25. c4 Nf5 26. Rd2 Ng3 27. Rh2
Nxe2+ 28. Rdxe2 Raf8 29. c5 Rd8 30. Rd2 e3 31. Rd1 1/2-1/2

[Event "KAUPTHING OPEN 2007 B"]
[Site "?"]
[Date "2007.07.11"]
[Round "6.14"]
[White "Steil, Raymond"]
[Black "Birtz, Claude"]
[Result "0-1"]
[WhiteElo "1731"]
[BlackElo "1936"]
[PlyCount "72"]
[EventDate "2007.07.18"]

1. d4 d6 2. e4 Nf6 3. Nc3 g6 4. f4 Bg7 5. a3 c6 6. Nf3 b5 7. Bd3 Qc7 8. Be3
Nbd7 9. e5 Ng4 10. Bg1 Nb6 11. h3 Nh6 12. g4 Bb7 13. Be4 a6 14. Nd2 Bf8 15. Qe2
O-O-O 16. O-O-O e6 17. Bf2 d5 18. Bd3 a5 19. Bh4 Rd7 20. Bf6 Rg8 21. Nb3 b4 22.
axb4 axb4 23. Na2 Na4 24. Ba6 Qb6 25. Bxb7+ Rxb7 26. Bg5 c5 27. dxc5 Nxc5 28.
Nxc5 Qxc5 29. Qa6 Kb8 30. Bxh6 Bxh6 31. Qd6+ Qxd6 32. exd6 Bxf4+ 33. Kb1 Bxd6
34. Rhf1 Rc8 35. Nc1 Rc6 36. Nb3 Ra6 0-1